[Event "Salvesen"]
[Site "http://www.queenalice.com/game.php?id=454315"]
[Date "2008.8.27"]
[Round "1"]
[White "luchos74"]
[Black "Undertaker"]
[Result "0-1"]
[WhiteElo "1506"]
[BlackElo "1791"]

1. e4 e5 2. Bc4 Nf6 3. d3 h6 4. a3 Nc6 5. Ne2 Bc5 6. c3 Ng4 7. d4 exd4 8. cxd4
Bb6 9. h3 Nf6 10. Nbc3 Ba5 11. b4 Bb6 12. Ba2 d6 13. Bb2 Qe7 14. f3 Bd7 15. Rc1
a6 16. e5 dxe5 17. dxe5 Qxe5 18. Rc2 Qe3 19. Bc1 Qf2+ 20. Kd2 Be3+ 21. Kd3 Ne5#
0-1

[Event "Challenge"]
[Site "http://www.queenalice.com/game.php?id=464069"]
[Date "2008.9.16"]
[Round "-"]
[White "luchos74"]
[Black "Saintsalles"]
[Result "0-1"]
[WhiteElo "1472"]
[BlackElo "1736"]

1. d3 e5 2. Nf3 Nc6 3. Bg5 f6 4. Bh4 d5 5. Nbd2 d4 6. e3 Bg4 7. Be2 Bb4 8. h3
Bxf3 9. Bxf3 Nh6 10. a3 dxe3 11. fxe3 Bc5 12. b4 Bxe3 13. Qe2 Nf5 14. Bf2 Ncd4
15. Qf1 Nxc2+ 16. Ke2 Nfd4+ 17. Kd1 Bxf2 18. Qxf2 Nxa1 19. Bxb7 Rb8 0-1

[Event "Mesa de prueba 2"]
[Site "http://www.queenalice.com/game.php?id=468141"]
[Date "2008.9.25"]
[Round "2"]
[White "Undertaker"]
[Black "luchos74"]
[Result "1-0"]
[WhiteElo "1890"]
[BlackElo "1474"]

1. e4 e5 2. Nf3 h6 3. Bc4 a6 4. d3 b5 5. Bd5 c6 6. Bb3 d6 7. Nc3 a5 8. a3 Qe7 9.
d4 Be6 10. d5 cxd5 11. Bxd5 1-0

[Event "Challenge"]
[Site "http://www.queenalice.com/game.php?id=594567"]
[Date "2009.5.27"]
[Round "-"]
[White "Thai"]
[Black "luchos74"]
[Result "1/2-1/2"]
[WhiteElo "1464"]
[BlackElo "1488"]

1. Nf3 d5 2. d4 Qd6 3. e3 Bf5 4. Bd3 g6 5. O-O Nf6 6. h3 Nc6 7. a3 O-O-O 8. Ng5
Be6 9. e4 Nxd4 10. exd5 Bxd5 11. c4 Bc6 12. Nxf7 Qe6 13. Nxh8 Bg7 14. Re1 Qg8
15. Be3 Bxh8 16. Bxd4 Rxd4 17. Qb3 a5 18. a4 Nd5 19. cxd5 Qxd5 20. Qxd5 Bxd5 21.
Nc3 Rxd3 22. Red1 Rxd1+ 23. Nxd1 b6 24. Rc1 e5 25. Ne3 Bb7 26. Rc4 e4 27. f3
exf3 28. Rf4 fxg2 29. Rf8+ Kd7 30. Rxh8 h5 31. Rb8 Bc6 32. Nc4 Ke6 33. Rc8 Bxa4
34. Kxg2 g5 35. Rxc7 Kf5 36. Nxb6 Bd1 37. Rd7 Bb3 38. Ra7 a4 39. Rh7 Kg6 40. Rh8
g4 41. h4 Bd1 42. Rg8+ Kf5 43. Nc4 Kf6 44. Nd6 Ke7 45. Nf5+ Kf7 46. Nh6+ Ke7 47.
Nf5+ Ke6 48. Rf8 Ke5 49. Ng7 Ke4 50. Nxh5 Kd3 51. Nf4+ Kc2 52. h5 Kxb2 53. h6 a3
54. h7 a2 55. h8=Q+ Kb1 56. Ra8 Bf3+ 57. Kg3 Bxa8 58. Qxa8 a1=Q 1/2-1/2

[Event "Challenge"]
[Site "http://www.queenalice.com/game.php?id=594753"]
[Date "2009.5.28"]
[Round "-"]
[White "Nabuck"]
[Black "luchos74"]
[Result "0-1"]
[WhiteElo "1399"]
[BlackElo "1467"]

1. e4 e5 2. Nf3 Qf6 3. Nc3 a5 4. Nb5 c6 5. Nc7+ Kd8 6. Nxa8 Bc5 7. d4 exd4 8. g3
h6 9. Bf4 d6 10. Qd2 b6 11. e5 Qe6 12. O-O-O Bb7 13. Nc7 Kxc7 14. exd6+ Bxd6 15.
Qxd4 Bxf4+ 16. gxf4 Nd7 17. Qxg7 c5 18. Qxh8 Ngf6 19. Qxh6 Bxf3 20. Rg1 Bxd1 21.
Kxd1 Ne4 22. Qh4 Qd5+ 23. Kc1 Qd2+ 24. Kb1 Qd1# 0-1

[Event "Los duros de MP"]
[Site "http://www.queenalice.com/game.php?id=594758"]
[Date "2009.5.28"]
[Round "1"]
[White "holeripla"]
[Black "luchos74"]
[Result "0-1"]
[WhiteElo "1285"]
[BlackElo "1480"]

1. e3 e6 2. Nf3 a6 3. Nc3 Bc5 4. Ne5 Qf6 5. Nd3 e5 6. Nxc5 Nh6 7. N3e4 Qf5 8. f3
d6 9. g4 Qg6 10. Qe2 dxc5 11. Nxc5 O-O 12. f4 Qxc2 13. Qd3 Qxc5 14. h4 Nc6 15.
Rg1 Bxg4 16. Be2 Rfd8 17. Qe4 Bf5 18. Qg2 g6 19. h5 Nb4 20. Kd1 exf4 21. exf4
Qc2+ 22. Ke1 Qc6 23. Rb1 Bxb1 24. Kf2 Bd3 25. hxg6 hxg6 26. Bh5 Qb6+ 27. Kf3
Qc6+ 28. Kf2 Re8 29. Kg3 Nf5+ 30. Kh3 Kf8 31. a3 Nd5 32. Qf3 gxh5 33. Qxd3 Nxf4+
34. Kh2 Nxd3 35. Rg5 Re2+ 36. Kh3 Qh1# 0-1

[Event "la venganza"]
[Site "http://www.queenalice.com/game.php?id=595001"]
[Date "2009.5.28"]
[Round "-"]
[White "Nabuck"]
[Black "luchos74"]
[Result "1-0"]
[WhiteElo "1504"]
[BlackElo "1501"]

1. Nf3 e6 2. Nc3 a6 3. e4 Bc5 4. d4 Ba7 5. Ng5 h6 6. Nh3 d6 7. Qg4 Qf6 8. d5 g6
9. Nf4 h5 10. Qf3 e5 11. Nd3 Bg4 12. Qg3 Nh6 13. h3 h4 14. Qh2 Bd7 15. f4 c5 16.
fxe5 dxe5 17. Qxe5+ Qxe5 18. Nxe5 O-O 19. Bxh6 Re8 20. Ng4 f5 21. Nf6+ Kf7 22.
Nh7 fxe4 23. Bc4 b5 24. Be2 Bf5 25. O-O Ke7 26. Rad1 Rh8 27. Bg5+ Kd6 28. Nf6
Nd7 29. Bf4+ Ke7 30. Nxd7 Kxd7 31. g4 g5 32. Bxg5 Bg6 33. d6 Rae8 34. Rf6 Rhg8
35. Nd5 Re6 36. Rxe6 Kxe6 37. Nc7+ Kd7 38. Nxa6 Bf7 39. Bxb5+ Ke6 40. Bxh4 Bb6
41. Bc4+ Ke5 42. Bxf7 Rf8 43. Rd5+ Kf4 44. Bg6 e3 45. Kg2 e2 46. Bg5# 1-0

[Event "el desquite"]
[Site "http://www.queenalice.com/game.php?id=595261"]
[Date "2009.5.29"]
[Round "-"]
[White "holeripla"]
[Black "luchos74"]
[Result "0-1"]
[WhiteElo "1258"]
[BlackElo "1548"]

1. Nf3 e6 2. e4 a6 3. Bd3 Bc5 4. O-O c6 5. a3 Bb6 6. Qe1 Nh6 7. Nc3 O-O 8. e5
Re8 9. Qe4 g6 10. Qe2 d6 11. b4 f6 12. exd6 Qxd6 13. Ne4 Qe7 14. Nh4 f5 15. Nxg6
Qg7 16. Nf4 fxe4 17. Bxe4 Qxa1 18. Qh5 Rf8 19. Qxh6 Qg7 20. Qxg7+ Kxg7 21. Nh5+
Kf7 22. c4 c5 23. Bxh7 Rh8 24. Bb2 Rxh7 25. g4 e5 26. f3 cxb4+ 27. Kg2 bxa3 28.
Bxa3 Be6 29. Ng3 Bxc4 30. Re1 Nd7 31. h3 a5 32. Nf5 Bc5 33. Bxc5 Nxc5 34. Rxe5
b6 35. Re7+ Kg8 36. Re5 Nd3 37. Re4 b5 38. Nd4 a4 39. Kg3 a3 40. Nc2 a2 41. h4
Rc8 42. f4 Nb4 43. Nxb4 a1=Q 44. g5 Qg1+ 45. Kf3 Rxh4 46. d3 Rh3+ 47. Ke2 Qg2+
48. Kd1 Bb3+ 49. Ke1 Rh1# 0-1

[Event "Desafio 1"]
[Site "http://www.queenalice.com/game.php?id=595262"]
[Date "2009.5.29"]
[Round "-"]
[White "Denny"]
[Black "luchos74"]
[Result "1/2-1/2"]
[WhiteElo "1407"]
[BlackElo "1552"]

1. d4 e6 2. c3 c5 3. g3 Qf6 4. f4 Nh6 5. Nf3 Nc6 6. Nbd2 b5 7. Ne4 Qe7 8. dxc5
f5 9. Neg5 Qxc5 10. Qd3 Ng4 11. b4 Qf2+ 12. Kd2 e5 13. h3 e4 14. Nxe4 fxe4 15.
Qxe4+ Be7 16. hxg4 O-O 17. Ng5 g6 18. Nh3 Qxg3 19. Rg1 Qh4 20. c4 Qf6 21. Rb1
Qd6+ 22. Qd5+ Qxd5+ 23. cxd5 Nxb4 24. Ba3 Bc5 25. Rg3 a5 26. Rc1 Bb6 27. e3 Re8
28. e4 Rxe4 29. Ng5 Rd4+ 30. Ke2 Ba6 31. Re3 Nxa2 32. Rb1 b4+ 33. Kf3 bxa3 34.
Rxb6 Bxf1 35. Rb7 Rc8 36. Rbb3 Rc2 37. Kg3 Rg2+ 38. Kf3 Rgd2 39. Rxa3 Bg2+ 40.
Kg3 Bxd5 41. Rxa5 Nc1 42. Ra7 Ne2+ 43. Kh4 Nxf4 44. Re8+ Kg7 45. Rxd7+ Kf6 46.
Rf8+ Ke5 47. Re8+ Ne6 48. Rxe6+ Bxe6 49. Rxd4 Rxd4 50. Nf3+ Kd5 51. Nxd4 Kxd4
52. Kg5 Bf7 53. Kf6 Be8 54. Kg7 Bd7 55. g5 1/2-1/2

[Event "Desafio 1"]
[Site "http://www.queenalice.com/game.php?id=595269"]
[Date "2009.5.29"]
[Round "-"]
[White "heyepabe2"]
[Black "luchos74"]
[Result "0-1"]
[WhiteElo "1442"]
[BlackElo "1487"]

1. Nf3 e6 2. c3 a6 3. e3 Bc5 4. d4 Ba7 5. Bc4 b5 6. Bb3 Nh6 7. Bc2 Bb7 8. b3 Nc6
9. Nbd2 Qe7 10. a3 O-O-O 11. c4 Rhe8 12. Bxh7 g6 13. h4 Rh8 14. Ng5 f6 15. Bxg6
fxg5 16. hxg5 Qxg5 17. Be4 d5 18. f4 Qg3+ 19. Ke2 dxe4 20. Bb2 Qxg2+ 21. Ke1
Qxh1+ 22. Nf1 Rdg8 23. Kd2 Rg2+ 24. Kc3 bxc4 25. bxc4 Nf5 26. Qb3 Qh3 27. Re1
Bxd4# 0-1

[Event "Los duros de MP"]
[Site "http://www.queenalice.com/game.php?id=595272"]
[Date "2009.5.29"]
[Round "2"]
[White "luchos74"]
[Black "Nabuck"]
[Result "1-0"]
[WhiteElo "1531"]
[BlackElo "1554"]

1. e3 e5 2. a3 Nc6 3. Bc4 Nh6 4. Ba2 Qf6 5. Nc3 d6 6. Ne4 Qf5 7. f3 Qg6 8. g3 d5
9. Bxd5 f5 10. Nc3 f4 11. exf4 Bc5 12. Be4 Qe6 13. Nd5 Nd4 14. Nxc7+ Kd7 15.
Nxe6 Nxe6 16. Qe2 exf4 17. gxf4 Nxf4 18. Qb5+ Kd6 19. d4 Ng2+ 20. Kf1 Nh4 21.
Qxc5+ Kd7 22. Qd5+ Ke8 23. Qe5+ Kf8 24. Qd6+ Kf7 25. Bg5 N4f5 26. Bd5+ Ke8 27.
Qd8# 1-0

[Event "el Desafio continua"]
[Site "http://www.queenalice.com/game.php?id=595689"]
[Date "2009.5.30"]
[Round "-"]
[White "Thai"]
[Black "luchos74"]
[Result "0-1"]
[WhiteElo "1473"]
[BlackElo "1513"]

1. e3 Nh6 2. Qf3 Nc6 3. Bc4 a6 4. d3 Ne5 5. Qe4 Nxc4 6. Qxc4 b5 7. Qe4 Rb8 8.
Nf3 Bb7 9. Qf4 e6 10. Ng5 Qf6 11. Qxf6 gxf6 12. Nh3 Bxg2 13. Rg1 Bxh3 14. b3 Nf5
15. Bb2 e5 16. Nc3 c5 17. O-O-O Bh6 18. Kb1 Nh4 19. Rg3 Be6 20. Ne4 Nf5 21. Rf3
Bg7 22. Nxc5 Nh4 23. Rg3 O-O 24. Nxa6 Rb6 25. Nc5 d5 26. Ba3 Rc8 27. Rdg1 Ng6
28. e4 b4 29. Nxe6 fxe6 30. Bb2 Rb7 31. exd5 exd5 32. d4 e4 33. Bc1 Rbc7 34. a3
bxa3 35. Bxa3 Rxc2 36. Be7 Kf7 37. Rxg6 hxg6 38. Bd6 f5 39. b4 Bxd4 40. b5 Rb2+
41. Ka1 Rxb5+ 42. Ka2 Ra8+ 43. Ba3 Bc5 44. Rb1 Rxa3# 0-1

[Event "Los duros de MP"]
[Site "http://www.queenalice.com/game.php?id=598975"]
[Date "2009.6.5"]
[Round "3"]
[White "luchos74"]
[Black "Undertaker"]
[Result "0-1"]
[WhiteElo "1544"]
[BlackElo "1966"]

1. e3 e5 2. a3 d5 3. c3 Nf6 4. Bb5+ c6 5. Ba4 e4 6. h3 Bc5 7. b4 Bb6 8. Ne2 Nbd7
9. O-O Ne5 10. Nf4 Bc7 11. g3 h5 12. d4 Nf3+ 13. Kg2 Qd7 14. Rh1 g5 15. Kf1 gxf4
0-1

[Event "Mesa 2"]
[Site "http://www.queenalice.com/game.php?id=601302"]
[Date "2009.6.10"]
[Round "1"]
[White "luchos74"]
[Black "Undertaker"]
[Result "0-1"]
[WhiteElo "1546"]
[BlackElo "1961"]

1. e4 e5 2. h3 Nf6 3. Nc3 Bc5 4. a3 O-O 5. Nf3 Nc6 6. Bc4 d6 7. O-O h6 8. d3 Re8
9. b4 Bd4 10. Bb2 Nh5 0-1

[Event "Gerente Vs Coordinador"]
[Site "http://www.queenalice.com/game.php?id=1159572"]
[Date "2013.3.9"]
[Round "-"]
[White "luchos74"]
[Black "Gabriel_HD"]
[Result "0-1"]
[WhiteElo "1553"]
[BlackElo "1856"]

1. d4 d5 2. e3 a6 3. Bd3 Nf6 4. Nc3 Bg4 5. f3 Bh5 6. g4 Bg6 7. Bxg6 hxg6 8. Qe2
Nc6 9. a3 e5 10. Bd2 Bd6 11. O-O-O g5 12. Re1 b6 13. Qd3 Na5 14. e4 dxe4 15.
Nxe4 Nxe4 16. Rxe4 f6 17. dxe5 fxe5 18. Ne2 Rh3 19. Ng1 Rh4 20. h3 Qf6 21. f4
gxf4 22. Bxf4 Nc6 23. Nf3 Rh8 24. Bg5 Qg6 25. h4 Rf8 26. Rf1 Kd7 27. h5 Qe6 28.
c4 Rad8 29. Bxd8 Kxd8 30. Ng5 Rxf1+ 31. Qxf1 Qh6 32. Qf5 Be7 33. Kb1 Bxg5 34.
Qf8+ Kd7 35. Qf7+ Be7 36. Re1 Qd2 37. Rc1 Nd4 38. Qd5+ Bd6 39. Qf7+ Kc8 40. Qf1
Qg5 41. c5 Bxc5 42. Qxa6+ Kd7 43. Rd1 Qxg4 44. Qa4+ Kd6 45. Rh1 Qe4+ 46. Ka2
Qxh1 47. Qe8 Nc6 48. Qf8+ Kd5 49. Qxg7 Bd4 50. h6 Qc1 51. Qf7+ Kc5 52. Qb3 Qc4
53. Qxc4+ Kxc4 54. h7 e4 55. Kb1 Kb3 56. Kc1 Bxb2+ 57. Kd1 e3 58. Ke2 Bd4 59. a4
Kxa4 60. h8=Q Bxh8 61. Kxe3 b5 62. Kd3 b4 63. Kc2 Ka3 64. Kd3 b3 65. Kc4 b2 66.
Kc5 b1=Q 67. Kxc6 Qd3 68. Kxc7 Qd5 69. Kb6 Ka4 70. Kc7 Kb5 71. Kb8 Qd7 72. Ka8
Kb6 73. Kb8 Qb7# 0-1

[Event "Gerente Vs Coordinador Parte 2"]
[Site "http://www.queenalice.com/game.php?id=1161060"]
[Date "2013.3.15"]
[Round "-"]
[White "luchos74"]
[Black "Gabriel_HD"]
[Result "0-1"]
[WhiteElo "1549"]
[BlackElo "1894"]

1. d4 d5 2. Nc3 Nf6 3. Bf4 Nc6 4. e3 a6 5. Qd2 e5 6. dxe5 Ne4 7. Nxe4 dxe4 8.
O-O-O Qe7 9. Nh3 Be6 10. b3 Qa3+ 11. Kb1 Nb4 12. c3 Nd5 13. Ng5 Qe7 14. Nxe4 Rd8
15. Bg5 f6 16. exf6 gxf6 17. Bh4 Bf7 18. Qd4 Nxc3+ 19. Qxc3 Rxd1+ 20. Kc2 Qxe4+
21. Bd3 Rxd3 22. Qxd3 Qxh4 23. Rd1 Bg6 24. e4 Bxe4 25. Re1 Qxf2+ 26. Kd1 f5 27.
Qe2 Qd4+ 28. Qd2 Qc5 29. g4 Bh6 30. Qxh6 Qc2# 0-1

[Event "Gerente Vs Coordinador Parte 3"]
[Site "http://www.queenalice.com/game.php?id=1161638"]
[Date "2013.3.16"]
[Round "-"]
[White "luchos74"]
[Black "Gabriel_HD"]
[Result "1-0"]
[WhiteElo "1547"]
[BlackElo "1924"]

1. e4 e5 2. Qf3 Nf6 3. Bc4 Nc6 4. d3 h6 5. Be3 Bb4+ 6. c3 Ba5 7. Ne2 d6 8. h3
Bb6 9. Nd2 Bxe3 10. fxe3 Qe7 11. Rf1 Be6 12. O-O-O a5 13. g4 Bxc4 14. dxc4 a4
15. a3 Qe6 16. Ng3 Na5 17. Qe2 Ra6 18. Nf5 O-O 19. b4 axb3 20. Kb2 Rb6 21. Rg1
Nd7 22. g5 hxg5 23. Rxg5 g6 24. Qh5 Qf6 25. Rf1 Qh8 26. Ne7+ Kg7 27. Rxg6+ 1-0

[Event "Gerente Vs Coordinador Parte 4"]
[Site "http://www.queenalice.com/game.php?id=1162766"]
[Date "2013.3.20"]
[Round "-"]
[White "luchos74"]
[Black "Gabriel_HD"]
[Result "0-1"]
[WhiteElo "1577"]
[BlackElo "2021"]

1. e4 e5 2. Qf3 Nc6 3. Bc4 Nf6 4. c3 Bc5 5. Ne2 d6 6. O-O Bg4 7. Qg3 O-O 8. Qd3
Re8 9. h3 Bxe2 10. Qxe2 d5 11. exd5 Nxd5 12. g3 Re6 13. b4 Bb6 14. Kh2 Rg6 15.
d3 a5 16. Qf3 Nf6 17. b5 e4 18. Qf4 Ne7 19. dxe4 Qd7 20. Na3 Re8 21. Bb2 Rh6 22.
h4 Ng6 23. Qf3 Rxe4 24. Rad1 Nxh4 25. Rxd7 Nxf3+ 26. Kg2 Nxd7 27. Kxf3 Re5 28.
Rd1 Rf6+ 29. Kg2 Rxf2+ 30. Kh3 Rh5+ 31. Kg4 Nf6# 0-1